000 00737nam a2200241 i 4500
001 C2-0302285
003 PPAK
005 20180728083345.0
008 100120s2004 mnua|||| ||||| | eng d
020 _a0822546981
040 _aPPAK
_beng
_cPPAK
_erda
082 0 4 _a347.731
_223
090 0 0 _a347.731
_bKOW
_dRLCK
100 1 _aKowalski, Kathiann M.,
_eauthor
245 1 0 _aOrder in the court
_ba look at the judicial branch
264 1 _aMinneapolis :
_bLerner Publication Company ,
_c2004
300 _a56 pages :
_bcolour illustrations ;
_c23 cm
336 _2rdacontent
_atext
337 _2rdamedia
_aunmediated
338 _2rdacarrier
_avolume
650 1 0 _aCourts - United States - Juvenile literature
942 _ddc
_cB
999 _c105955
_d105955